| 000 | 00000nam 2200000zi 4500 |
| 001 | 9.963262 |
| 003 | CaOODSP |
| 005 | 20260602150422 |
| 006 | m o d f |
| 007 | cr |n||||||||| |
| 008 | 260602s1976 onc o f000 0 fre d |
| 040 | |aCaOODSP|bfre|erda|cCaOODSP |
| 043 | |an-cn--- |
| 086 | 1 |aJS22-33/1976F-PDF |
| 245 | 04|aLes faits saillants du Programme ordre et sécurité publics. |
| 264 | 1|a[Ottawa] : |b[Ministère du Solliciteur général], |c[1976] |
| 300 | |a1 ressource en ligne (iii, 9 pages) |
| 336 | |atexte|btxt|2rdacontent/fre |
| 337 | |ainformatique|bc|2rdamedia/fre |
| 338 | |aressource en ligne|bcr|2rdacarrier/fre |
| 500 | |aPublié aussi en anglais sous le titre : The highlights of the Peace and Security Program. |
| 500 | |a« Loi de 1976 modifiant le droit pénal, n. 1 ; Loi de 1976 modifiant le droit pénal, ni, 2. » |
| 500 | |aÉdition numérisée de l'imprimé [par Sécurité publique Canada]. |
| 650 | 6|aCriminalité|xPrévention|zCanada. |
| 650 | 6|aDroit pénal|zCanada. |
| 650 | 6|aPeine de mort|zCanada. |
| 650 | 6|aViolence|xDroit|zCanada. |
| 650 | 6|aArmes à feu|xDroit|zCanada. |
| 650 | 6|aÉlectronique dans les enquêtes criminelles|zCanada. |
| 650 | 6|aJustice pénale|xAdministration|zCanada. |
| 710 | 1 |aCanada. |bMinistère du Solliciteur général, |eorganisme de publication. |
| 775 | 08|tThe highlights of the Peace and Security Program.|w(CaOODSP)9.963261 |
| 856 | 40|qPDF|s609 Ko|uhttps://publications.gc.ca/collections/collection_2026/sp-ps/JS22-33-1976-fra.pdf |